000 00420nam a2200145Ia 4500
008 231129s1999||||xx |||||||||||||| ||spa||
020 _a968-18-5823-9
040 _bspa
082 _a370.1 C718
100 _aColoquio Educación en el siglo XXI (México)
245 0 _aEducación en el siglo XXI
260 _c1999
264 _aNoriega Editores; Fondo Mexicano
942 _2ddc
_cBKS
999 _c9977
_d9977